Simulation modeling and analysis (Record no. 61609)

000 -LEADER
fixed length control field 00713nam a22002177a 4500
003 - CONTROL NUMBER IDENTIFIER
control field NUST-PNEC
005 - DATE AND TIME OF LATEST TRANSACTION
control field 20170116180726.0
008 - FIXED-LENGTH DATA ELEMENTS--GENERAL INFORMATION
fixed length control field 141106b xxu||||| |||| 00| 0 eng d
020 ## - INTERNATIONAL STANDARD BOOK NUMBER
International Standard Book Number 0070667330
040 ## - CATALOGING SOURCE
Transcribing agency PNEC
082 ## - DEWEY DECIMAL CLASSIFICATION NUMBER
Classification number 003.3 LAW
100 ## - MAIN ENTRY--PERSONAL NAME
9 (RLIN) 922
Personal name Law Averill M
245 ## - TITLE STATEMENT
Title Simulation modeling and analysis
Statement of responsibility, etc. Averill M Law
250 ## - EDITION STATEMENT
Edition statement 4th ed
260 ## - PUBLICATION, DISTRIBUTION, ETC.
Place of publication, distribution, etc. New Delhi ; New York :
Name of publisher, distributor, etc. Tata McGraw-Hill,
Date of publication, distribution, etc. c2007.
300 ## - PHYSICAL DESCRIPTION
Extent xix, 768 p. :
Other physical details ill. (some col.) ;
Dimensions 23 cm.
500 ## - GENERAL NOTE
General note Includes index.
650 ## - SUBJECT ADDED ENTRY--TOPICAL TERM
General subdivision MIS, Computer
856 ## - ELECTRONIC LOCATION AND ACCESS
Uniform Resource Identifier <a href="http://www.amazon.com/Simulation-Modeling-Analysis-Law/dp/0070667330/ref=sr_1_1?ie=UTF8&qid=1415252702&sr=8-1&keywords=0070667330">http://www.amazon.com/Simulation-Modeling-Analysis-Law/dp/0070667330/ref=sr_1_1?ie=UTF8&qid=1415252702&sr=8-1&keywords=0070667330</a>
942 ## - ADDED ENTRY ELEMENTS (KOHA)
Source of classification or shelving scheme
Koha item type Book
Holdings
Withdrawn status Lost status Source of classification or shelving scheme Damaged status Not for loan Permanent Location Current Location Shelving location Date acquired Source of acquisition Cost, normal purchase price Total Checkouts Full call number Barcode Date last seen Cost, replacement price Price effective from Koha item type
          Pakistan Navy Engineering College (PNEC) Pakistan Navy Engineering College (PNEC)   09/25/2013 Progressive International Agency 1153.00   003.3 LAW PNECLIB-031486 11/06/2014 1153.00 09/25/2013 Book
© 2023 Central Library, National University of Sciences and Technology. All Rights Reserved.